Les tournois de tennis en 2023 - Statistiques

Statistiques générales
  • Ce quiz a été pris 426 fois
  • Le résultat moyen est 36 sur 65
Statistiques - réponses
Pays Tournoi % Correct
France Roland-Garros
98%
Etats-Unis US Open
97%
Royaume-Uni Wimbledon
97%
Espagne Madrid
93%
Monaco Monte-Carlo
93%
Grand Chelem Australie Open d'Australie
93%
France Paris/Bercy
93%
Italie Rome
93%
Espagne Barcelone
88%
Etats-Unis Miami
86%
Brésil Rio de Janeiro
85%
Chine Beijing
82%
Canada Canada Open/Toronto
81%
ATP 500 Pays-Bas Rotterdam
81%
Japon Tokyo
81%
Emirats Arabes Unis Dubai
79%
Autriche Vienne
79%
Etats-Unis Cincinnati
77%
ATP Masters 1000 Etats-Unis Indian Wells
77%
France Marseille
77%
Angleterre Londres/Queens
76%
France Lyon
76%
France Montpellier
70%
Qatar Doha
67%
Allemagne Munich
66%
Chine Shangai
66%
Suisse Bale
65%
Allemagne Hambourg
64%
Argentine Buenos Aires
62%
Suisse Genève
61%
Allemagne Halle
60%
Maroc Marrakech
60%
Chili Santiago
60%
Bulgarie Sofia
60%
Suède Stockholm
60%
Etats-Unis Washington DC
60%
Mexique Acapulco
59%
France Metz
58%
Nouvelle-Zélande Auckland
57%
Serbie Belgrade
53%
Autre Italie Masters/Turin
51%
Australie Adelaide
47%
Allemagne Stuttgart
45%
Belgique Anvers
43%
Portugal Estoril
40%
Etats-Unis Dallas
37%
ATP 250 Inde Pune
37%
Espagne Majorque
34%
Etats-Unis Houston
33%
Suisse Gstaad
27%
Etats-Unis Newport
23%
Pays bas S-Hertogenbosch/ Bois-le-Duc
23%
Angleterre Eastbourne
22%
Croatie Umag
22%
Etats-Unis Atlanta
21%
Suède Bastad
21%
Mexique Los Cabos
21%
Bosnie-Herzégovine Banja Luka
20%
Etats-Unis Winston-Salem
20%
Etats-Unis Delray Beach
19%
Espagne Cordoba
18%
Autriche Kitzbühel
17%
Chine Chengdu
10%
Chine Zhuhai
7%
Kazakhstan Noursultan
5%
Aucun quiz correspondant
Distribution des résultats
% des personnes avec chaque résultat
Percentile par nombre de réponses
Votre historique - résultats
Vous n’avez pas pris ce quiz